000 00657nam a2200181Ia 4500
008 090630s9999 xx 000 0 und d
082 _b18129
100 _aपुंडलिक रमेश.
245 _aआपले वास्तूशास्त्र.
_cपुंडलिक रमेश.
260 _bसमर्थ - पुणे.
_c2000
300 _a175
600 _aपुंडलिक रमेश.
630 _aआपले वास्तूशास्त्र.
655 _aइतर.
700 _aपुंडलिक रमेश.
730 _aआपले वास्तूशास्त्र.
942 _cBOOK
999 _c269985
_d269985